Loading...
For all kinds sakes: comparing children's television policy making in Australia, Canada and the United States
| Main Author: | |
|---|---|
| Format: | Printed Book |
| Published: |
Media Culture and society 23: 821-842
2001
|
| Subjects: | |
| Online Access: | http://10.26.1.76/ks/00632.pdf |
| LEADER | 004720000a22001330004500 | ||
|---|---|---|---|
| 100 | |a Joanne M Lisosky | ||
| 245 | |a For all kinds sakes: comparing children's television policy making in Australia, Canada and the United States | ||
| 260 | |c 2001 | ||
| 260 | |b Media Culture and society 23: 821-842 | ||
| 650 | |a MEDIA CHILD | ||
| 856 | |u http://10.26.1.76/ks/00632.pdf | ||
| 942 | |c KS | ||
| 999 | |c 70020 |d 70020 | ||
| 952 | |0 0 |1 0 |4 0 |7 0 |9 61984 |a MGUL |b MGUL |d 2015-08-01 |l 0 |r 2015-08-01 |w 2015-08-01 |y KS | ||